000 00300nam a2200133Ia 4500
008 220216s9999 xx 000 0 und d
100 _aDavid Shaw
245 0 _aEPR industry fragments
260 _bRubber India
_c1996
300 _a45-49
650 _aEPDM
650 _aEPR industry
942 _cJS
999 _c58752
_d58752